Právo a bezprávie v živote Barbory Rakovskej

Bibliographic Details
Main Author: Bernátová, Viera (Author)
Format: Article
Language:Slovak
ISBN:8096912232
Subjects:

MARC

LEADER 00000nab a2200000 ar4500
001 vtls009163575
003 SK-MaSNL
005 20260303192917.0
008 071128c2005 xo |||||| b |||| b|slo
015 |a SNBRA2007/11  |2 snkbucl 
038 |a SNKBUCL 
040 |a SNKBUCL  |b slo  |c SNKBUCL  |e AACR2 
041 0 |a slo 
044 |a xo  |c SK 
080 |a 347.133.74  |x (437.6)  |x "16"  |2 1997 
080 |a 347.214.1  |x (437.6)  |x "16"  |2 1997 
100 1 |a Bernátová, Viera  |4 aut  |9 411788 
245 1 0 |a Právo a bezprávie v živote Barbory Rakovskej  |c Viera Bernátová 
504 |a Bibliogr. odkazy v poznámkach 
504 |a Bibliogr. odkazy 
600 1 7 |a Rakovská, Barbora,  |d n. asi 1569  |2 snkbucl  |9 1223669 
650 0 7 |a hnuteľnosti  |2 snkbucl  |9 17722 
650 0 7 |a súdne procesy  |2 snkbucl  |9 29433 
650 0 7 |a majetok v osobnom vlastníctve  |2 snkbucl  |9 1223670 
650 0 7 |a kúpno-predajné listiny  |2 snkbucl  |2 snkbucl  |9 1223671 
651 7 |a 17. stor.  |2 snkbucl  |9 1076911 
773 0 |t Archivum Sala : archívna ročenka II  |d Šaľa : Štátny archív v Bratislave, pobočka Šaľa, 2005  |g S. 83-94  |z 8096912232 
852 |a SNK  |b KIS3GCP 
958 |a NB 
958 |a SK 
999 |c 2149366  |d 2151296